000 00718nam a22002657a 4500
008 130513b xxu||||| |||| 00| 0 eng d
020 _a0194315355
024 _cavailable
037 _cavailable
040 _aMBSTU Library
_dMBSTU Library
082 _222
_a423 HOO
100 _aHornby, A S
110 _a
245 _aOxford advanced lerners dictionary of written language
250 _a6th Edition
260 _aNew York
_bOxford University Press
_c2000
300 _a13 cm.
_b1539 page
_f12
_g13 cm.
600 _aDictionaries
700 _aHornby, A S
710 _a
270 _aNew York
_bNew York
_dUSA
365 _b250.00
_d250.00
942 _2ddc
_cBK
999 _c359
_d359